00267nam a2200097Ia 4500008004100000100002100041245004800062260003300110300000800143650001800151191201s2005 xx 000 0 und d aLEWIS, Barbara A 0aBeing your Best Character Building for kids aN.DelhibDolphin Pressc2005 a165 aGeneral Books